| Tag |
First Indicator |
Second Indicator |
Subfields |
| LEADER |
00000cam a2200000 a 4500 |
| 001 |
in00004635430 |
| 006 |
m o d |
| 007 |
cr ||||||||||| |
| 008 |
130503s2012 onca obv 001 0 eng d |
| 005 |
20230103223450.0 |
| 035 |
|
|
|a (OCoLC)on1044237311
|
| 040 |
|
|
|a CEF
|b eng
|e pn
|c CEF
|d OCLCO
|d NLC
|d YDXCP
|d CDX
|d MHW
|d CELBN
|d OTZ
|d IDEBK
|d E7B
|d JSTOR
|d TEFOD
|d DEBSZ
|d COO
|d EBLCP
|d N15
|d P@U
|d OCLCF
|d CUS
|d XFH
|d FVL
|d IOG
|d MERUC
|d OAPEN
|d EZ9
|d VLB
|d IYU
|d CNCEN
|d ICN
|d LOA
|d OCLCQ
|d YOU
|d OCLCQ
|d TXR
|d OCLCO
|d VT2
|d CNMTR
|d OCLCQ
|d OCLCO
|d OCLCQ
|d EQF
|d UWK
|d OCLCQ
|d OCLCO
|d OCLCQ
|d CN6UV
|d K6U
|d OCLCQ
|d OCLCO
|
| 015 |
|
|
|a C2012-901633-0
|
| 016 |
|
|
|z 20129016330 (print)
|
| 019 |
|
|
|a 780360663
|a 822017794
|a 864844762
|a 899218233
|a 994555112
|a 1055769595
|a 1056381856
|a 1060937340
|a 1073080797
|a 1077878460
|a 1088954240
|a 1100384103
|a 1166185942
|a 1166421903
|a 1179688350
|a 1264836811
|a 1277199706
|
| 020 |
|
|
|a 9780776619774
|q (electronic bk.)
|
| 020 |
|
|
|a 0776619772
|q (electronic bk.)
|
| 020 |
|
|
|z 9780776630441
|q (hc)
|
| 020 |
|
|
|z 077663044X
|
| 020 |
|
|
|z 9781283891875
|
| 020 |
|
|
|z 1283891875
|
| 027 |
|
|
|a JSTOR purchased
|
| 035 |
|
|
|a (OCoLC)1044237311
|z (OCoLC)780360663
|z (OCoLC)822017794
|z (OCoLC)864844762
|z (OCoLC)899218233
|z (OCoLC)994555112
|z (OCoLC)1055769595
|z (OCoLC)1056381856
|z (OCoLC)1060937340
|z (OCoLC)1073080797
|z (OCoLC)1077878460
|z (OCoLC)1088954240
|z (OCoLC)1100384103
|z (OCoLC)1166185942
|z (OCoLC)1166421903
|z (OCoLC)1179688350
|z (OCoLC)1264836811
|z (OCoLC)1277199706
|
| 037 |
|
|
|a 420437
|b MIL
|
| 037 |
|
|
|a 22573/ctt2gdk5x
|b JSTOR
|
| 037 |
|
|
|a 53F5F827-C3E0-43DD-9C21-FCD25ABDF70B
|b OverDrive, Inc.
|n http://www.overdrive.com
|
| 043 |
|
|
|a n-cn---
|
| 050 |
|
4 |
|a HV6569.C3
|
| 055 |
0 |
2 |
|a HV6569*
|
| 055 |
|
0 |
|a HV6569 C3
|b S48 2012
|
| 072 |
|
7 |
|a LAW043000
|2 bisacsh
|
| 072 |
|
7 |
|a SOC028000
|2 bisacsh
|
| 082 |
0 |
4 |
|a 364.15/30971
|2 23
|
| 049 |
|
|
|a TXAM
|
| 245 |
0 |
0 |
|a Sexual assault in Canada :
|b law, legal practice, and women's activism /
|c Elizabeth A. Sheehy, editor.
|
| 260 |
|
|
|a Ottawa :
|b University of Ottawa Press,
|c ©2012.
|
| 300 |
|
|
|a 1 online resource (819 pages) :
|b illustrations (chiefly color)
|
| 336 |
|
|
|a text
|b txt
|2 rdacontent
|
| 337 |
|
|
|a computer
|b c
|2 rdamedia
|
| 338 |
|
|
|a online resource
|b cr
|2 rdacarrier
|
| 347 |
|
|
|a data file
|
| 380 |
|
|
|a Legal case and case notes
|
| 504 |
|
|
|a Includes bibliographical references and index.
|
| 505 |
0 |
|
|a Foreword. Still punished for being female / Claire L'Heureux-Dube -- Introduction / Elizabeth A. Sheehy -- part 1. The victories of Jane Doe / Elizabeth A. Sheehy Appendix A. Amended statement of claim : Jane Doe versus Board of Commissioners of Police -- Jane Doe versus Toronto Commissioners of Police : a view from the bar / Sean Dewart -- New Zealand's Jane Doe / Julia Tolmie -- Hockey Night in Canada / Laura Robinson -- Indigenous women and sexual assault in Canada / Tracey Lindberg, Priscilla Campeau, and Maria Campbell -- Legal subversion of the criminal justice process? Judicial, prosecutorial, and police discretion in Edmondson, Kindrat and Brown / Lucinda Vandervort -- The Supreme Court of Canada's betrayal of residential school survivors : ignorance is no excuse / Sheila McIntyre -- Sexual assault and disabled women ten years after Jane Doe / Fran Odette -- Police investigation of sexual assault complaints : how far have we come since Jane Doe? / Teresa DuBois -- Striking back : the viability of a civil action against the police for the "wrongful unfounding" of reported rapes / A. Blair Crew -- Appendix B. Reported sexual assaults and criminal offences and unfounding rates reported by Ontario police forces, 2003-2007 -- Third-wave anti-rape activism on neoliberal terrain : the Garneau sisterhood / Lise Gotell -- Sisterhood will get ya : anti-rape activism and the criminal justice system / Meagan Johnston -- Where has all the anger gone? / Diana Yaros -- Vitreous fragility : re-imagining women through art / Shary Boyle -- The Jane Doe coffee table book about rape : reflections on rebellious writing and teaching / Gillian Calder and Rebecca Johnson.
|
| 505 |
0 |
|
|a part 2. Who benefits from the sexual assault evidence kit? / Jane Doe -- Perpetuating, and resisting, rape myths in trial discourse / Susan Ehrlich -- Questioning "expert" knowledges / Sunny Marriner -- Zero tolerance some of the time? Doctors and sexual abuse in Ontario / Sanda Rodgers -- Judges and the reasonable steps requirement : the judicial stance on perpetration against unconscious women / Elizabeth A. Sheehy -- An equality-oriented approach to the admissibility of similar fact evidence in sexual assault prosecutions / David M. Tanovich -- Raising the age of sexual consent : renewing legal moralism? / Julie Desrosiers -- What's in a face? Demeanour evidence in the sexual assault context / Natasha Bakht -- Limits of a criminal justice response : trends in police and court processing of sexual assault / Holly Johnson -- HIV exposure as assault : Progressive development or misplaced focus? / Alison Symington -- All that glitters is not gold : the false promise of victim impact statements / Rakhi Ruparelia -- Confronting restorative justice in neo-liberal times : legal and rape narratives in conditional sentencing / Gillian Balfour and Janice Du Mont -- A feminist remedy for sexual assault : a quest for answers / Constance Backhouse.
|
| 520 |
|
|
|a A challenging look at the state of sexual assault law, legal practice and activism in Canada.
|
| 546 |
|
|
|a English.
|
| 600 |
1 |
0 |
|a Doe, Jane.
|
| 600 |
1 |
1 |
|a Doe, Jane.
|
| 650 |
|
0 |
|a Sexual abuse victims
|x Legal status, laws, etc.
|z Canada.
|
| 650 |
|
0 |
|a Criminal justice, Administration of
|z Canada.
|
| 650 |
|
0 |
|a Women
|x Crimes against
|z Canada.
|
| 650 |
|
0 |
|a Sex crimes
|z Canada.
|
| 650 |
|
0 |
|a Rape
|z Canada.
|
| 650 |
|
0 |
|a Sex crimes
|x Investigation
|z Canada.
|
| 650 |
|
0 |
|a Feminism
|z Canada.
|
| 650 |
|
6 |
|a Justice pénale
|x Administration
|z Canada.
|
| 650 |
|
6 |
|a Femmes
|x Crimes contre
|z Canada.
|
| 650 |
|
6 |
|a Crimes sexuels
|z Canada.
|
| 650 |
|
6 |
|a Crimes sexuels
|x Enquêtes
|z Canada.
|
| 650 |
|
6 |
|a Féminisme
|z Canada.
|
| 650 |
|
7 |
|a Canada.
|2 bicssc
|
| 650 |
|
7 |
|a Gender and the law.
|2 bicssc
|
| 650 |
|
7 |
|a Gender studies, gender groups.
|2 bicssc
|
| 650 |
|
7 |
|a Gender studies: women.
|2 bicssc
|
| 650 |
|
7 |
|a Jurisprudence and general issues.
|2 bicssc
|
| 650 |
|
7 |
|a Law and society.
|2 bicssc
|
| 650 |
|
7 |
|a Law.
|2 bicssc
|
| 650 |
|
7 |
|a North America.
|2 bicssc
|
| 650 |
|
7 |
|a Social groups.
|2 bicssc
|
| 650 |
|
7 |
|a Society and culture: general.
|2 bicssc
|
| 650 |
|
7 |
|a Society and social sciences Society and social sciences.
|2 bicssc
|
| 650 |
|
7 |
|a The Americas.
|2 bicssc
|
| 650 |
|
7 |
|a LAW
|x Gender & the Law.
|2 bisacsh
|
| 650 |
|
7 |
|a Criminal justice, Administration of.
|2 fast
|0 (OCoLC)fst00883246
|
| 650 |
|
7 |
|a Feminism.
|2 fast
|0 (OCoLC)fst00922671
|
| 650 |
|
7 |
|a Rape.
|2 fast
|0 (OCoLC)fst01089970
|
| 650 |
|
7 |
|a Sex crimes.
|2 fast
|0 (OCoLC)fst01114275
|
| 650 |
|
7 |
|a Sex crimes
|x Investigation.
|2 fast
|0 (OCoLC)fst01114280
|
| 650 |
|
7 |
|a Sexual abuse victims
|x Legal status, laws, etc.
|2 fast
|0 (OCoLC)fst01114786
|
| 650 |
|
7 |
|a Women
|x Crimes against.
|2 fast
|0 (OCoLC)fst01176618
|
| 651 |
|
7 |
|a Canada.
|2 fast
|0 (OCoLC)fst01204310
|
| 653 |
|
|
|a Canada
|
| 653 |
|
|
|a sexual assault law
|
| 653 |
|
|
|a sexual assault legal practice
|
| 653 |
|
|
|a women's activism
|
| 655 |
|
7 |
|a Electronic books.
|2 local
|
| 655 |
|
7 |
|a Court decisions and opinions.
|2 fast
|0 (OCoLC)fst01774257
|
| 655 |
|
7 |
|a Court decisions and opinions.
|2 lcgft
|
| 655 |
|
7 |
|a Recueils de jurisprudence et d'opinions.
|2 rvmgf
|
| 700 |
1 |
|
|a Sheehy, Elizabeth A.
|
| 710 |
2 |
|
|a JSTOR (Organization)
|
| 710 |
2 |
|
|a EBOUND Canada,
|e manufacturer.
|
| 776 |
0 |
8 |
|i Print version:
|t Sexual assault in Canada.
|d Ottawa : University of Ottawa Press, ©2012
|z 9780776630441
|w (OCoLC)780360661
|
| 856 |
4 |
0 |
|u https://www.jstor.org/stable/10.2307/j.ctt2jcb92
|z Connect to the full text of this electronic book
|t 0
|
| 955 |
|
|
|a JSTOR Open Access ebooks
|
| 994 |
|
|
|a 92
|b TXA
|
| 999 |
f |
f |
|s 7a6f41b8-cb32-47cb-87c7-ab31778caeed
|i 16ef4a2b-81c9-4c0d-8d94-a43ea18d2298
|t 0
|
| 952 |
f |
f |
|a Texas A&M University
|b College Station
|c Electronic Resources
|d Available Online
|t 0
|e HV6569.C3
|h Library of Congress classification
|
| 998 |
f |
f |
|a HV6569.C3
|t 0
|l Available Online
|